Strategic management (Record no. 1389)

MARC details
000 -LEADER
fixed length control field 00944 a2200229 4500
008 - FIXED-LENGTH DATA ELEMENTS--GENERAL INFORMATION
fixed length control field 080822t xxu||||| |||| 00| 0 eng d
010 ## - LIBRARY OF CONGRESS CONTROL NUMBER
LC control number ENG-85115
020 ## - INTERNATIONAL STANDARD BOOK NUMBER
International Standard Book Number 8188689807
Terms of availability 435.00
035 ## - SYSTEM CONTROL NUMBER
System control number EN-68648
037 ## - SOURCE OF ACQUISITION
Source of stock number/acquisition D.B.Act / Pub
082 ## - DEWEY DECIMAL CLASSIFICATION NUMBER
Classification number 658.4012
100 ## - MAIN ENTRY--PERSONAL NAME
Personal name Sherman, Herbert
245 ## - TITLE STATEMENT
Title Strategic management
Remainder of title an organization change approach
Statement of responsibility, etc by Herbert Sherman, Daniel James Rowley and Barry R. Armandi
260 ## - PUBLICATION, DISTRIBUTION, ETC. (IMPRINT)
Place of publication, distribution, etc New Delhi
Name of publisher, distributor, etc Overseas Press India
Date of publication, distribution, etc 2007
270 ## - ADDRESS
Address 7/28, Ansari Road, Darya Ganj
City New Delhi
Postal code 110 002
Electronic mail address overseas@de13.vsnl.nic.in
300 ## - PHYSICAL DESCRIPTION
Extent xlvi, 515p.
Other physical details 21cm. (Pbk)
500 ## - GENERAL NOTE
General note includes i ndex
700 ## - ADDED ENTRY--PERSONAL NAME
Personal name Rowley, Daniel James
700 ## - ADDED ENTRY--PERSONAL NAME
Personal name Armandi, Barry R.
942 ## - ADDED ENTRY ELEMENTS (KOHA)
Institution code [OBSOLETE] dpl
Koha item type English Books
Call number prefix 658.4012 / SHE
Source of classification or shelving scheme Dewey Decimal Classification
Classification part 658.4012
Call number suffix SHE
Holdings
Withdrawn status Lost status Damaged status Not for loan Home library Current library Date acquired Cost, normal purchase price Total Checkouts Full call number Barcode Date last seen Copy number Uniform Resource Identifier Cost, replacement price Price effective from Koha item type
        D.B.Act.Division D.B.Act.Division 22/08/2008 595.00   658.4012 SHE EN-68648 15/09/2008 1 1465 595.00 15/09/2008 English Books

© Delhi Public Library
Hit Counter
free hit counter